[Event "European Rapid 2015"]
[Site "Minsk BLR"]
[Date "2015.12.19"]
[Round "2.34"]
[White "Rozum, Ivan"]
[Black "Liberman, Evgeny"]
[Result "1-0"]
[WhiteTitle "GM"]
[WhiteElo "2559"]
[BlackElo "2134"]
[WhiteFideId "24104272"]
[BlackFideId "4181280"]
[EventDate "2015.12.19"]

1. e4 Nc6 2. Nc3 Nf6 3. g3 e5 4. Bg2 Bc5 5. d3 d6 6. Nf3 Bd7 7. h3 a6 8. O-O h6
9. Be3 Bxe3 10. fxe3 Ne7 11. Nh4 Qc8 12. Kh2 Nh7 13. Rf2 Ng5 14. Qf1 O-O 15. Nf5
Qd8 16. Qe2 Bc6 17. Raf1 Nxf5 18. exf5 Bxg2 19. Rxg2 f6 20. e4 c6 21. h4 Nf7 22.
g4 b5 23. Rfg1 d5 24. Nd1 Qa5 25. a3 dxe4 26. Qxe4 Qc7 27. Nf2 Rad8 28. Qf3 e4+
29. Qg3 Qxg3+ 30. Rxg3 exd3 31. Nxd3 Rfe8 32. R1g2 Nd6 33. Rf3 Nc4 34. Rfg3 Re3
35. g5 hxg5 36. hxg5 Rxg3 37. Rxg3 fxg5 38. Rxg5 Kf7 39. Rg6 Ne3 40. Rxc6 Nxf5
41. Rxa6 Ne3 42. Rc6 Kg8 43. Nb4 Nc4 44. a4 Ne5 45. Rc5 Rd4 46. Rxb5 Rd2+ 47.
Kg3 Nc4 48. b3 Ne3 49. Rc5 g6 50. a5 Rd4 51. a6 Nf5+ 52. Kf3 Rd8 53. Nc6 Ra8 54.
a7 Kf7 55. Rb5 Ke6 56. Rb8 Kd5 1-0

[Event "European Rapid 2015"]
[Site "Minsk BLR"]
[Date "2015.12.19"]
[Round "2.35"]
[White "Leinov, Roman"]
[Black "Romanov, Evgeny"]
[Result "0-1"]
[BlackTitle "GM"]
[WhiteElo "2129"]
[BlackElo "2590"]
[WhiteFideId "13504649"]
[BlackFideId "4148843"]
[EventDate "2015.12.19"]

1. d4 Nf6 2. c4 b6 3. Nc3 Bb7 4. Nf3 e6 5. e3 g6 6. Bd3 d5 7. O-O Bg7 8. cxd5
exd5 9. b3 O-O 10. Ba3 Re8 11. Qc2 a6 12. Rac1 Nbd7 13. Na4 c6 14. h3 Ne4 15.
Rfe1 f5 16. Bf1 g5 17. Nd2 Qf6 18. Bb2 Re6 19. Nf3 g4 20. hxg4 fxg4 21. Ne5 g3
22. fxg3 Nxe5 23. dxe5 Qh6 24. Nxb6 Rd8 25. Bd3 Nxg3 26. Bf5 Nxf5 27. Qxf5 c5
28. Na4 Rf8 29. Qd3 d4 30. exd4 Bxg2 31. Kxg2 Rg6+ 32. Qxg6 Qxg6+ 33. Kh1 Rf2 0-1

[Event "European Rapid 2015"]
[Site "Minsk BLR"]
[Date "2015.12.19"]
[Round "2.36"]
[White "Popov, Denis"]
[Black "Fedorov, Alexei"]
[Result "0-1"]
[BlackTitle "GM"]
[WhiteElo "2104"]
[BlackElo "2563"]
[WhiteFideId "24124044"]
[BlackFideId "13500465"]
[EventDate "2015.12.19"]

1. e4 c5 2. Nf3 Nc6 3. Bb5 e6 4. Qe2 Nd4 5. Nxd4 cxd4 6. O-O a6 7. Bc4 Bc5 8. d3
Ne7 9. Bg5 O-O 10. Nd2 f6 11. Bh4 b5 12. Bb3 Bb7 13. f4 Ng6 14. f5 Nxh4 15. Qh5
Bb4 16. Rf2 Bxd2 17. Rxd2 g5 18. g3 Kh8 19. gxh4 exf5 20. Bd5 Bxd5 21. exd5 Qe8
22. Qxe8 Raxe8 23. Kf2 Re3 24. c3 f4 25. a4 g4 0-1

[Event "European Rapid 2015"]
[Site "Minsk BLR"]
[Date "2015.12.19"]
[Round "2.37"]
[White "Mokhova, Kristina"]
[Black "Mikhalevski, Victor"]
[Result "0-1"]
[WhiteTitle "WFM"]
[BlackTitle "GM"]
[WhiteElo "2123"]
[BlackElo "2535"]
[WhiteFideId "4157460"]
[BlackFideId "2801914"]
[EventDate "2015.12.19"]

1. e4 e5 2. Nf3 Nc6 3. Bc4 Nf6 4. d3 h6 5. O-O d6 6. c3 g6 7. Be3 Bg7 8. Nbd2
Ng4 9. h3 Nxe3 10. fxe3 O-O 11. a4 Kh7 12. Qe2 f5 13. exf5 gxf5 14. d4 e4 15.
Ne1 d5 16. Ba2 Qd6 17. Qf2 Ne7 18. h4 Bf6 19. c4 c6 20. cxd5 cxd5 21. Nb1 Rg8
22. Qf4 Qd8 23. Nc3 Rg4 24. Qf2 Bxh4 25. Qe2 Bg3 26. Qb5 a6 27. Qb3 Be6 28. Ne2
Bd6 29. Nf4 Bxf4 30. Rxf4 Rxf4 31. exf4 Qd6 32. g3 Rc8 33. Ng2 Rc4 34. Rd1 Rb4
35. Qc2 Qb6 36. a5 Qxa5 0-1

[Event "European Rapid 2015"]
[Site "Minsk BLR"]
[Date "2015.12.19"]
[Round "2.38"]
[White "Francuzov, Alexander"]
[Black "Harutjunyan, Gevorg"]
[Result "1-0"]
[BlackTitle "GM"]
[WhiteElo "2122"]
[BlackElo "2436"]
[WhiteFideId "14105713"]
[BlackFideId "13300873"]
[EventDate "2015.12.19"]

1. d4 Nf6 2. c4 g6 3. Nf3 Bg7 4. Nc3 d6 5. e4 O-O 6. Be2 e5 7. d5 a5 8. Be3 Na6
9. Nd2 Bd7 10. a3 Qc8 11. f3 Nh5 12. O-O Nf4 13. Rb1 Nc5 14. b3 Bh6 15. Kh1 f5
16. g3 Nxe2 17. Qxe2 Bxe3 18. Qxe3 f4 19. gxf4 Rxf4 20. b4 axb4 21. axb4 Na4 22.
c5 Nxc3 23. Qxc3 Bb5 24. Rf2 Qd8 25. Nc4 Qf6 26. Na3 Be2 27. Rb3 Bd1 28. Nc2 Ra2
29. cxd6 cxd6 30. Qc8+ Kg7 31. Qd7+ Kh6 32. Qh3+ Rh4 33. Qg2 Bxc2 1-0

[Event "European Rapid 2015"]
[Site "Minsk BLR"]
[Date "2015.12.19"]
[Round "2.39"]
[White "Kryakvin, Dmitry"]
[Black "Olenina, Aysa"]
[Result "1-0"]
[WhiteTitle "GM"]
[WhiteElo "2529"]
[BlackElo "2069"]
[WhiteFideId "4153278"]
[BlackFideId "24116157"]
[EventDate "2015.12.19"]

1. d4 Nf6 2. c4 e6 3. Nf3 d5 4. Bg5 Be7 5. Nc3 O-O 6. e3 c6 7. Qc2 Nbd7 8. Rd1
b6 9. Be2 Bb7 10. O-O Re8 11. Bf4 Nf8 12. h3 Ng6 13. Bh2 Rc8 14. Qa4 a5 15. cxd5
exd5 16. Qb3 Bb4 17. a3 Bxc3 18. bxc3 Ne4 19. Nd2 b5 20. Nxe4 Rxe4 21. a4 Ba6
22. axb5 Bxb5 23. Bxb5 cxb5 24. Qxb5 Re7 25. Ra1 Ra7 26. Ra3 Nh4 27. Rfa1 h6 28.
Rxa5 Rxa5 29. Qxa5 Qxa5 30. Rxa5 Rxc3 31. Bg3 Nf5 32. Kh2 h5 33. Rxd5 g6 34.
Rd8+ Kh7 35. Be5 g5 36. Rh8+ Kg6 37. Rg8+ Kh6 38. Bf6 Rc2 39. e4 Nd6 40. f3 Nb5
41. Rxg5 Nxd4 42. Kg3 Ne2+ 43. Kh4 Nf4 44. Bg7+ Kh7 45. Be5 Nxg2+ 46. Kxh5 Ne3
47. Rg7+ Kh8 48. Kh6 f6 49. Bxf6 Rc6 50. Rg6+ Rxf6 51. Rxf6 1-0

[Event "European Rapid 2015"]
[Site "Minsk BLR"]
[Date "2015.12.19"]
[Round "2.40"]
[White "Chernyak, Viktoria"]
[Black "Tukhaev, Adam"]
[Result "0-1"]
[WhiteTitle "WFM"]
[BlackTitle "GM"]
[WhiteElo "2135"]
[BlackElo "2564"]
[WhiteFideId "24165956"]
[BlackFideId "14109476"]
[EventDate "2015.12.19"]

1. Nf3 d5 2. g3 c6 3. Bg2 Bg4 4. d3 Nd7 5. Nbd2 e6 6. O-O Bd6 7. h3 Bh5 8. e4
Ne7 9. b3 O-O 10. Bb2 a5 11. a3 e5 12. Qe2 Re8 13. Rfe1 f6 14. Qf1 d4 15. Nh4
Bf7 16. Qe2 a4 17. Nf5 Nxf5 18. exf5 axb3 19. cxb3 Nc5 20. b4 Na4 21. Ne4 Be7
22. g4 Nb6 23. Reb1 Nd5 24. Bc1 Ra7 25. Qc2 Qa8 26. b5 Rc8 27. Qb2 c5 28. Bd2 c4
29. dxc4 Rxc4 30. Bf1 Rc8 31. Bb4 Nxb4 32. axb4 Ra2 33. Rxa2 Qxa2 34. Qxa2 Bxa2
35. Ra1 Bd5 36. Bd3 Bxb4 37. h4 Kf8 38. Ra4 Be7 39. f4 h6 40. Kf2 Ke8 41. g5
hxg5 42. hxg5 Kd7 43. Kg3 Rc1 44. fxe5 fxe5 45. f6 gxf6 46. gxf6 Bf8 47. Ra8 Bh6
48. Rh8 Bf4+ 49. Kf2 Be3+ 50. Ke2 Bf7 51. b6 Ke6 52. Rh7 Rc6 53. Ng3 Kxf6 54.
Nh5+ Bxh5+ 55. Rxh5 Rxb6 56. Rh7 Rb2+ 57. Kf3 b5 58. Ke4 Bf4 59. Rb7 b4 60. Rb6+
Kg5 61. Rb8 Kf6 62. Bc4 Rb1 63. Bd3 Re1+ 64. Kd5 Re3 65. Rb6+ Kg5 66. Bc4 d3 67.
Rxb4 d2 0-1

[Event "European Rapid 2015"]
[Site "Minsk BLR"]
[Date "2015.12.19"]
[Round "2.41"]
[White "Aleksandrov, Aleksej"]
[Black "Stabulnieks, Klavs"]
[Result "1-0"]
[WhiteTitle "GM"]
[WhiteElo "2615"]
[BlackElo "2025"]
[WhiteFideId "13500139"]
[BlackFideId "11603984"]
[EventDate "2015.12.19"]

1. d4 Nf6 2. c4 e6 3. Nc3 Bb4 4. e3 c5 5. Bd3 Nc6 6. a3 Bxc3+ 7. bxc3 O-O 8. Ne2
b6 9. e4 Ne8 10. O-O Ba6 11. f4 f5 12. exf5 exf5 13. Ng3 g6 14. Re1 Na5 15. dxc5
bxc5 16. Ra2 Nd6 17. Bf1 Bxc4 18. Rd2 Bxf1 19. Kxf1 Nac4 20. Rxd6 Nxd6 21. Qxd6
Qf6 22. Qxc5 Rac8 23. Qd5+ Qf7 24. Qxf7+ Kxf7 25. Ne2 Rfe8 26. Rd1 Ke7 27. Be3
a6 28. Rd5 d6 29. Kf2 Rc6 30. a4 Rb8 31. a5 Rb2 32. Kf3 Ra2 33. Bb6 Rc4 34. Rd4
Rxd4 35. Nxd4 Kd7 36. h3 h5 37. Kg3 d5 38. Nf3 Ke6 39. Ne5 g5 40. Nc6 gxf4+ 41.
Kf3 Ra3 42. Kxf4 Rxc3 43. Nd4+ Kf6 44. Nxf5 Rc4+ 45. Nd4 Ra4 46. g3 Rc4 47. Bd8+
Kf7 48. Ke5 Ke8 49. Bb6 Rc3 50. Nf5 Rf3 51. Ng7+ Kf7 52. Nxh5 Rd3 1-0

[Event "European Rapid 2015"]
[Site "Minsk BLR"]
[Date "2015.12.19"]
[Round "2.42"]
[White "Kovalevsky, Stanislav"]
[Black "Rakhmanov, Aleksandr"]
[Result "0-1"]
[BlackTitle "GM"]
[WhiteElo "2050"]
[BlackElo "2640"]
[WhiteFideId "13508598"]
[BlackFideId "4173708"]
[EventDate "2015.12.19"]

1. c4 e5 2. Nc3 Bb4 3. g3 Bxc3 4. dxc3 d6 5. Bg2 Ne7 6. e4 b6 7. Nf3 Bb7 8. Qe2
Nd7 9. O-O O-O 10. Ne1 f5 11. exf5 Bxg2 12. Nxg2 Nxf5 13. f4 Qe7 14. Bd2 exf4
15. Qxe7 Nxe7 16. Nxf4 Ne5 17. b3 Rf6 18. Nh5 Rxf1+ 19. Rxf1 N7g6 20. Nf4 Nxf4
21. Rxf4 a5 22. Kg2 a4 23. b4 c5 24. Re4 Kf7 25. Bf4 Kf6 26. Bxe5+ dxe5 27. Kf3
Rd8 28. Ke2 Kf5 29. Re3 e4 30. h3 g5 31. a3 h5 32. Ke1 Ke5 33. Ke2 cxb4 34. cxb4
Kd4 35. Kf2 Rf8+ 36. Ke2 Rc8 37. Kf2 Rxc4 38. Re1 Rc2+ 39. Kf1 Rc3 40. Rd1+ Rd3
41. Rc1 Ke5 0-1

[Event "European Rapid 2015"]
[Site "Minsk BLR"]
[Date "2015.12.19"]
[Round "2.43"]
[White "Pavlov, Sergey2"]
[Black "Ulasevich, Sergei"]
[Result "1-0"]
[WhiteTitle "IM"]
[WhiteElo "2454"]
[BlackElo "2108"]
[WhiteFideId "14114330"]
[BlackFideId "13505629"]
[EventDate "2015.12.19"]

1. c4 Nf6 2. Nf3 g6 3. Nc3 Bg7 4. g3 O-O 5. Bg2 d6 6. d4 c6 7. O-O Bf5 8. Qb3
Qb6 9. Re1 Ne4 10. Nh4 Nxc3 11. Nxf5 Nxe2+ 12. Rxe2 gxf5 13. Rxe7 Qxd4 14. Qxb7
Qd1+ 15. Bf1 Na6 16. Qxa6 Rae8 17. Rxe8 Rxe8 18. c5 d5 19. Qd3 Re1 20. Qxd1 Rxd1
21. Kg2 Bd4 22. Be2 Re1 23. Bd3 Bxc5 24. Rb1 d4 25. Bf4 Re6 26. Bxf5 Re2 27. Bd3
Re6 28. Kf3 Bb6 29. b4 1-0

[Event "European Rapid 2015"]
[Site "Minsk BLR"]
[Date "2015.12.19"]
[Round "2.45"]
[White "Vorontsov, Pavlo"]
[Black "Eidelson, Rakhil"]
[Result "1-0"]
[WhiteTitle "IM"]
[BlackTitle "WGM"]
[WhiteElo "2395"]
[BlackElo "2106"]
[WhiteFideId "14116367"]
[BlackFideId "13500210"]
[EventDate "2015.12.19"]

1. e4 c5 2. Nf3 Nc6 3. Bb5 Qc7 4. O-O a6 5. Bxc6 dxc6 6. d3 e5 7. Nbd2 Ne7 8.
Nc4 Ng6 9. b3 Be6 10. Bb2 f6 11. Ne3 Qd7 12. c3 Rd8 13. d4 cxd4 14. cxd4 exd4
15. Nxd4 Bf7 16. Qc2 Nf4 17. Rad1 Qc8 18. Ndf5 Ne6 19. Nc4 Qb8 20. e5 g6 21.
Nfd6+ Bxd6 22. Nxd6+ Kf8 23. exf6 Kg8 24. Be5 Qa7 25. Ne4 h6 26. Rxd8+ Nxd8 27.
Rd1 Kh7 28. Rd7 Re8 29. Re7 Kg8 30. Nd6 1-0

[Event "European Rapid 2015"]
[Site "Minsk BLR"]
[Date "2015.12.19"]
[Round "2.47"]
[White "Ananikian, Andrey"]
[Black "Dydyshko, Viacheslav"]
[Result "1/2-1/2"]
[BlackTitle "GM"]
[WhiteElo "2117"]
[BlackElo "2506"]
[WhiteFideId "4197623"]
[BlackFideId "13500031"]
[EventDate "2015.12.19"]

1. Nf3 d5 2. d4 Nf6 3. Bf4 c6 4. c3 g6 5. e3 Bg7 6. h3 O-O 7. Bd3 Nbd7 8. Nbd2
Re8 9. O-O Nh5 10. Bh2 e5 11. dxe5 Nxe5 12. Nxe5 Bxe5 13. Bxe5 Rxe5 14. Nf3 Re8
15. Re1 Nf6 16. c4 dxc4 17. Bxc4 Be6 18. Bxe6 Rxe6 19. Qb3 Qb6 20. Qxb6 axb6 21.
Red1 Kf8 22. a3 Ke7 23. Kf1 Rd6 24. Rxd6 Kxd6 25. Rd1+ Ke7 26. Ke2 Ne4 27. Nd2
Nd6 28. Rc1 b5 29. e4 Ra4 30. Ke3 f5 31. f3 Ke6 32. Rc5 b4 33. axb4 Rxb4 1/2-1/2

[Event "European Rapid 2015"]
[Site "Minsk BLR"]
[Date "2015.12.19"]
[Round "2.48"]
[White "Belyakov, Bogdan"]
[Black "Rozhko, Mariya"]
[Result "0-1"]
[WhiteTitle "IM"]
[BlackTitle "WFM"]
[WhiteElo "2511"]
[BlackElo "2099"]
[WhiteFideId "24104795"]
[BlackFideId "4171314"]
[EventDate "2015.12.19"]

1. e4 d6 2. d4 Nf6 3. Nc3 g6 4. Bg5 Bg7 5. Qe2 c6 6. e5 dxe5 7. dxe5 Nd5 8.
O-O-O O-O 9. Nxd5 cxd5 10. f4 Nc6 11. g4 Qa5 12. Kb1 f6 13. exf6 exf6 14. Bh4 f5
15. g5 Qb4 16. c4 Nd4 17. Qe1 Qa4 18. Bf2 Qc2+ 0-1

[Event "European Rapid 2015"]
[Site "Minsk BLR"]
[Date "2015.12.19"]
[Round "2.49"]
[White "Belous, Mikhail"]
[Black "Loginov, Valery A"]
[Result "1/2-1/2"]
[BlackTitle "GM"]
[WhiteElo "2191"]
[BlackElo "2486"]
[WhiteFideId "14127555"]
[BlackFideId "4126297"]
[EventDate "2015.12.19"]

1. d4 Nf6 2. c4 g6 3. Nc3 Bg7 4. e4 d6 5. f3 O-O 6. Be3 a6 7. Qd2 Nc6 8. Nge2
Rb8 9. h4 b5 10. O-O-O e5 11. g4 exd4 12. Nxd4 Ne5 13. f4 c5 14. fxe5 cxd4 15.
Bxd4 Nxg4 16. Kb1 Nxe5 17. Be2 bxc4 18. h5 Be6 19. Nd5 Bxd5 20. exd5 Rb5 21. Bc3
Qd7 22. Rh2 Rfb8 23. Ka1 Qf5 24. hxg6 fxg6 25. Rdh1 h5 26. Rg1 Qe4 27. Rhg2 Rxd5
28. Qc1 Rdb5 29. Bxh5 Kh7 30. Bxg6+ Nxg6 31. Rxg6 Qxg6 32. Rxg6 Kxg6 33. Qc2+
Kf7 34. Qf2+ Kg8 35. Bxg7 Kxg7 36. Qd4+ Kf7 37. Qxc4+ Kf6 38. Qd4+ Ke6 39. Qe4+
Kd7 40. b3 Rc5 41. Qa4+ Rc6 42. Qg4+ Kc7 43. Qg7+ Kb6 44. Qd4+ Kb7 45. Qg7+ Ka8
46. Qg2 Rc8 47. Qe4 Kb8 48. Qb4+ Ka7 49. Qd4+ Kb7 50. Qe4 Rc7 51. Kb2 Ka7 52.
Qd4+ Kb8 53. Qb4+ Kc8 54. Qe4 Kb7 55. Qb4+ Ka7 56. Qd4+ Kb8 57. Qb4+ Rb7 58. Qe4
Rc8 59. Qd3 Rb6 60. Qd4 Rbc6 61. Qb4+ Ka8 62. Qe4 Rc7 63. Qd5 Kb8 64. Qe4 Rc5
65. Qb4+ Kc8 66. Qg4+ Kb7 67. Qb4+ Kc8 68. Qg4+ Rd7 69. Qe2 Rc6 70. Qe8+ Kc7 71.
Qe4 d5 72. Qd4 Kb7 73. Qb4+ Rb6 74. Qg4 Kc7 75. Qf4+ Rbd6 76. Qd4 Re7 77. Qa7+
Kd8 78. Qb8+ Kd7 79. Qa7+ Ke6 80. Qe3+ Kf7 81. Qf4+ Rf6 82. Qd4 Rd7 83. Qg4 Rdd6
84. Qh5+ Ke7 85. Qh7+ Ke6 86. Qh3+ Ke5 87. Qe3+ Kf5 88. Qf3+ Ke6 89. Qh3+ Ke7
90. Qh7+ Kd8 91. Qg8+ Kc7 92. Qg7+ Kb6 93. Qg8 d4 94. Qb8+ Kc6 95. Qc8+ Kd5 96.
Qg8+ Ke4 97. Qg4+ Ke3 98. Qg3+ Ke2 99. Qh2+ Kf3 100. Qh3+ Ke4 101. Qg4+ Ke5 102.
Qe2+ Kf4 103. Qf2+ Kg5 104. Qg2+ Kh6 105. Qh1+ Kg7 106. Qb7+ Kf8 107. Qa8+ Ke7
108. Qb7+ Rd7 109. Qe4+ Kf8 110. Qd3 Rdd6 111. Ka3 Rg6 112. Qf3+ Kg7 113. Qd3
Rg5 114. Qe4 Rgd5 115. Qe7+ Kg6 116. Qe4+ Kg5 117. Qg2+ Kf6 118. Qf3+ Ke7 119.
Qe4+ Kd8 120. Qh4+ Kc7 121. Qh7+ Kb6 122. Qd3 Rc5 123. Qg3 Rcc6 124. Qf2 Kb7
125. Qf7+ Rc7 126. Qf4 Rcc6 127. Qf7+ Kb6 128. Qf2 Rd7 129. Qf5 Rd8 130. Qf2 Rd5
131. Qf3 Rcd6 132. Qd3 Ra5+ 133. Kb2 Rc5 134. Qg3 Rcd5 135. Qd3 Re5 136. Qg3
Ree6 137. Qf2 Rf6 138. Qg1 Rf4 139. Qg3 Rdf6 140. Qd3 Rd6 141. Qg3 Rff6 142. Qg1
Rd5 143. Qg2 Rfd6 144. Qf2 Kb7 145. Qf7+ Rd7 1/2-1/2

[Event "European Rapid 2015"]
[Site "Minsk BLR"]
[Date "2015.12.19"]
[Round "3.7"]
[White "Savchenko, Boris"]
[Black "Kochetkova, Julia"]
[Result "1-0"]
[WhiteTitle "GM"]
[BlackTitle "WGM"]
[WhiteElo "2612"]
[BlackElo "2320"]
[WhiteFideId "4147332"]
[BlackFideId "4139690"]
[EventDate "2015.12.19"]

1. e4 d6 2. d4 Nf6 3. Nc3 e5 4. Nf3 Nbd7 5. Bc4 Be7 6. a4 O-O 7. O-O c6 8. Ba2
h6 9. a5 Re8 10. h3 Qc7 11. Be3 Nf8 12. b4 exd4 13. Qxd4 Be6 14. Bxe6 Nxe6 15.
Qd3 Nd7 16. b5 Bf6 17. bxc6 Qxc6 18. Ra3 Nec5 19. Qd1 Bxc3 20. Rxc3 Rxe4 21. Nd4
Qa6 22. Ra3 Ne5 23. Nf5 Nc4 24. Bxc5 dxc5 25. Rg3 g6 26. Qa1 Rd4 27. Nxd4 cxd4
28. Qxd4 Nxa5 29. Qd5 Nc4 30. Re1 Rf8 31. Re4 b5 32. Rxg6+ 1-0

[Event "European Rapid 2015"]
[Site "Minsk BLR"]
[Date "2015.12.19"]
[Round "3.8"]
[White "Tyutyunnikov, Alexey"]
[Black "Mamedov, Rauf"]
[Result "0-1"]
[BlackTitle "GM"]
[WhiteElo "2295"]
[BlackElo "2650"]
[WhiteFideId "4137060"]
[BlackFideId "13401653"]
[EventDate "2015.12.19"]

1. e4 c5 2. Nf3 Nc6 3. d4 cxd4 4. Nxd4 g6 5. Nc3 Bg7 6. Be3 Nf6 7. Bc4 d6 8. h3
O-O 9. O-O Na5 10. Be2 Bd7 11. f4 Nc6 12. Bf3 Nxd4 13. Bxd4 Bc6 14. Qd3 Nd7 15.
Bxg7 Kxg7 16. Kh2 Qb6 17. b3 Rac8 18. Ne2 Nc5 19. Qd4+ Kg8 20. c4 Nxe4 21. Bxe4
Qxd4 22. Nxd4 Bxe4 23. Rfe1 f5 24. Nb5 d5 25. cxd5 Rc2 26. Rg1 Rd8 27. Nd4 Rd2
28. Rad1 Rxa2 0-1

[Event "European Rapid 2015"]
[Site "Minsk BLR"]
[Date "2015.12.19"]
[Round "3.11"]
[White "Bocharov, Dmitry"]
[Black "Kononenko, Dmitry2"]
[Result "1-0"]
[WhiteTitle "GM"]
[BlackTitle "FM"]
[WhiteElo "2558"]
[BlackElo "2206"]
[WhiteFideId "4138716"]
[BlackFideId "14113538"]
[EventDate "2015.12.19"]

1. c4 c5 2. Nf3 Nf6 3. Nc3 Nc6 4. g3 g6 5. Bg2 d6 6. d4 cxd4 7. Nxd4 Bd7 8. Nc2
Bg7 9. b3 Qc8 10. h3 O-O 11. Bb2 Re8 12. Rc1 Be6 13. Qd2 Nd7 14. Ne3 Nc5 15.
Ncd5 Bxb2 16. Qxb2 Ne5 17. Qd4 Rb8 18. b4 Bxd5 19. Nxd5 Ne6 20. Qh4 Qd7 21. O-O
Nc7 22. Ne3 f6 23. Rfd1 Qa4 24. c5 Na6 25. cxd6 Qxb4 26. Rd4 Qa3 27. Rc2 Red8
28. dxe7 Rxd4 29. Qxd4 Qxe7 30. Qxa7 Kh8 31. Nd5 Qd6 32. Qd4 b6 33. Qf4 Kg7 34.
Rd2 Rd8 35. Rb2 Rb8 36. a4 Nc7 37. Nxc7 Qxc7 38. Kh2 Rd8 39. a5 Rb8 40. a6 b5
41. Qd4 Rd8 42. Qe4 Nc4 43. Ra2 Qa7 44. Qb7+ Rd7 45. Qxb5 Nd6 46. Qxd7+ Qxd7 47.
a7 1-0

[Event "European Rapid 2015"]
[Site "Minsk BLR"]
[Date "2015.12.19"]
[Round "3.12"]
[White "Chizhikov, Vladislav"]
[Black "Ragger, Markus"]
[Result "1/2-1/2"]
[BlackTitle "GM"]
[WhiteElo "2229"]
[BlackElo "2687"]
[WhiteFideId "4178157"]
[BlackFideId "1610856"]
[EventDate "2015.12.19"]

1. e4 e5 2. Nf3 Nc6 3. Bc4 Nf6 4. O-O Nxe4 5. Nc3 Nxc3 6. dxc3 Be7 7. Qd5 O-O 8.
Nxe5 Nxe5 9. Qxe5 c6 10. Bd3 d5 11. Qh5 g6 12. Qf3 Bd6 13. Bf4 a5 14. Rfe1 a4
15. a3 Be6 16. Rad1 Bxf4 17. Qxf4 Qb6 18. Qf6 Rae8 19. h4 Bg4 20. Rb1 Qd8 21.
Qxd8 Rxd8 22. Re7 Rd7 23. Rbe1 Rfd8 24. Re8+ Kg7 25. Rxd8 Rxd8 26. f4 Be6 27.
Kf2 Kf6 28. Re5 h5 29. Ke3 c5 30. Kd2 Rd6 31. Be2 Rd8 32. Bf3 b6 33. g3 Ke7 34.
Re1 Kd6 35. Be2 Rb8 36. Bd3 b5 37. Re5 b4 38. cxb4 cxb4 39. axb4 Rxb4 40. Kc1
Rb8 41. Be2 Ra8 42. Re3 d4 43. Ra3 Kc5 44. b3 Bd7 45. bxa4 Bxa4 46. f5 Kb4 47.
Ra1 gxf5 48. Kd2 Rg8 49. Rf1 Rxg3 50. Rxf5 Rg2 51. Rxh5 Rh2 52. Rf5 Rxh4 53.
Rxf7 Rh2 54. Rf5 Bc6 55. Re5 Rg2 56. Kc1 Rg7 57. Bd3 Rd7 58. Kb2 Bd5 59. Re8 Rb7
60. Kc1 Rg7 61. Rb8+ Kc5 62. Rb5+ Kc6 63. Rb4 Rg4 64. Kb2 Rh4 65. Ra4 Kd6 66.
Ra5 Rh8 67. Kc1 Rc8 68. Ra6+ Ke5 69. Rh6 Rf8 70. Rh5+ Kd6 71. Rg5 Rh8 72. Kb2
Rh2 73. Rg4 Kc5 74. Rg5 Rh4 75. Rg7 Bc6 76. Rg6 Rf4 77. Rh6 Rg4 78. Rf6 Rh4 1/2-1/2

[Event "European Rapid 2015"]
[Site "Minsk BLR"]
[Date "2015.12.19"]
[Round "3.13"]
[White "Roiz, Michael"]
[Black "Karpov, Vadim"]
[Result "1-0"]
[WhiteTitle "GM"]
[BlackTitle "IM"]
[WhiteElo "2594"]
[BlackElo "2377"]
[WhiteFideId "2804158"]
[BlackFideId "4155025"]
[EventDate "2015.12.19"]

1. d4 d5 2. c4 e6 3. Nf3 Nf6 4. g3 Be7 5. Bg2 O-O 6. O-O dxc4 7. Qc2 a6 8. a4
Bd7 9. Qxc4 Bc6 10. Bg5 a5 11. Nc3 Na6 12. Bxf6 Bxf6 13. e4 Nb4 14. Rad1 b6 15.
Rfe1 Bb7 16. Qe2 Ba6 17. Qd2 c6 18. Bf1 Bxf1 19. Kxf1 Qc7 20. Qe2 Rfd8 21. Rd2
Rd7 22. Red1 Rad8 23. h4 Rc8 24. Qe3 Qd8 25. Kg2 g6 26. h5 Qe7 27. hxg6 hxg6 28.
Qf4 Rcd8 29. e5 Bg7 30. Ne4 Nd5 31. Qg4 c5 32. dxc5 bxc5 33. Rh1 Nb4 34. Rxd7
Rxd7 35. Neg5 Nd3 36. Rh7 Rd5 37. Qh3 Qd7 38. Rxg7+ Kxg7 39. Qh7+ Kf8 40. Qh8+
Ke7 41. Qf6+ Ke8 42. Qh8+ Ke7 43. Ne4 Qe8 44. Qh4+ Kf8 45. Qh8+ Ke7 46. Qh4+ Kf8
47. Nd6 Rxd6 48. exd6 Kg7 49. Qc4 Nb4 50. Qxc5 Qc6 51. Qd4+ e5 52. Qxe5+ Kg8 53.
Qe7 Nd5 54. Qd8+ Kg7 55. Qxa5 Qxd6 56. Qd2 Qc6 57. b3 Qb7 58. Qd4+ Kg8 59. Qc4
Nb4 60. Qb5 Qe4 61. Qb8+ Kh7 62. Qf4 Qb7 63. Qh4+ Kg8 64. Qc4 Nd5 65. a5 Nb4 66.
Qc5 Nd3 67. Qc3 Qe4 68. Qd2 Qd5 69. a6 Qe4 70. a7 Nc5 71. Qd4 1-0

[Event "European Rapid 2015"]
[Site "Minsk BLR"]
[Date "2015.12.19"]
[Round "3.14"]
[White "Khoroshilov, Nikita"]
[Black "Kovalev, Vladislav"]
[Result "0-1"]
[BlackTitle "GM"]
[WhiteElo "2294"]
[BlackElo "2546"]
[WhiteFideId "24145122"]
[BlackFideId "13504398"]
[EventDate "2015.12.19"]

1. Nf3 Nf6 2. d3 g6 3. g3 Bg7 4. Bg2 O-O 5. e4 d6 6. O-O c5 7. c3 Nc6 8. Re1 Rb8
9. a4 a6 10. Nbd2 b5 11. axb5 axb5 12. Nf1 b4 13. d4 bxc3 14. bxc3 cxd4 15. cxd4
Bg4 16. Ne3 Bxf3 17. Bxf3 Nd7 18. Nc2 Nb4 19. Nxb4 Rxb4 20. Ra4 Rb1 21. Qd3 Qb6
22. Bd2 Rb3 23. Qc2 Rxf3 24. Rb1 Qd8 25. Kg2 Rf6 26. Ra7 Rxf2+ 27. Kxf2 Bxd4+
28. Be3 Bxa7 29. Bxa7 Nc5 30. Bb6 Qa8 31. e5 Rc8 32. Kg1 Nd7 0-1

[Event "European Rapid 2015"]
[Site "Minsk BLR"]
[Date "2015.12.19"]
[Round "3.15"]
[White "Kanter, Eduard"]
[Black "Petrosian, Tigran L."]
[Result "0-1"]
[WhiteTitle "IM"]
[BlackTitle "GM"]
[WhiteElo "2353"]
[BlackElo "2625"]
[WhiteFideId "4103963"]
[BlackFideId "13301616"]
[EventDate "2015.12.19"]

1. d4 d6 2. Nf3 g6 3. c4 f5 4. g3 Bg7 5. Bg2 Nf6 6. O-O O-O 7. Nc3 c6 8. Rb1 Na6
9. b4 Ne4 10. Nxe4 fxe4 11. Ng5 d5 12. cxd5 cxd5 13. f3 h6 14. Nh3 exf3 15. exf3
Bf5 16. Rb2 Qb6 17. Be3 Qe6 18. Re2 Bxh3 19. Bxh6 Qd7 20. Bxh3 Qxh3 21. Bxg7
Kxg7 22. Rxe7+ Rf7 23. Rxf7+ Kxf7 24. Re1 Qd7 25. Qd2 Re8 26. Re5 Rxe5 27. dxe5
Nc7 28. Qf4+ Ke8 29. Qf6 Qe6 30. Qh8+ Kd7 31. f4 d4 32. Kf1 Qc4+ 33. Kg1 d3 34.
Qg7+ Kc6 35. Qxg6+ Kb5 36. Qh5 d2 37. e6+ Kxb4 38. a3+ Kb3 39. e7 Qd4+ 0-1